| 000 | 00495nam a2200193Ia 4500 | ||
|---|---|---|---|
| 008 | 180207s9999 xx 000 0 und d | ||
| 020 | _a3350011994 | ||
| 050 | _bS631 1988 | ||
| 100 | _aSlater, Teddy | ||
| 245 | _aDumbo / | ||
| 245 | _cadapted by Teddy Slater ; illustrated by Ron Dias and Annie Guenther. | ||
| 260 | _aUSA : | ||
| 260 | _bWalt Disney, | ||
| 260 | _c1988 | ||
| 300 | _aunpaged : | ||
| 300 | _bcolor illustration ; | ||
| 300 | _c28cm. | ||
| 440 | _aA big golden book. | ||
| 999 |
_c355365 _d355365 |
||